The noble scholar, jurist, historian


 His Excellency Dr. Abdul Wahhab bin Ibrahim Abu Sulaiman, may Allah have mercy on him.


 He was born in Umm Al-Qura in the year 1356 AH.

معجم الأمكنة التي لها ذكر في نزهة الخواطر / (Record no. 14074)

MARC details
000 -LEADER
fixed length control field 01366cam a2200289 i 4500
003 - CONTROL NUMBER IDENTIFIER
control field SA-RiAUC
005 - DATE AND TIME OF LATEST TRANSACTION
control field 20260114142302.0
008 - FIXED-LENGTH DATA ELEMENTS--GENERAL INFORMATION
fixed length control field 260101s1934 ii b g b 000 0 ara c
040 ## - CATALOGING SOURCE
Original cataloging agency AE-AiULD
Language of cataloging ara
Transcribing agency SA-RiAUC
Description conventions rda
050 #4 - LIBRARY OF CONGRESS CALL NUMBER
Item number .N33 1934
082 04 - DEWEY DECIMAL CLASSIFICATION NUMBER
Classification number 910.3
090 ## - LOCALLY ASSIGNED LC-TYPE CALL NUMBER (OCLC); LOCAL CALL NUMBER (RLIN)
Classification number (OCLC) (R) ; Classification number, CALL (RLIN) (NR) م ن 910.3
Local cutter number (OCLC) ; Book number/undivided call number, CALL (RLIN) ن د و
100 1# - MAIN ENTRY--PERSONAL NAME
Personal name الندوي، معين الدين
Relator term مؤلف.
245 10 - TITLE STATEMENT
Title معجم الأمكنة التي لها ذكر في نزهة الخواطر /
Statement of responsibility, etc. معين الدين الندوي.
264 #1 - PRODUCTION, PUBLICATION, DISTRIBUTION, MANUFACTURE, AND COPYRIGHT NOTICE
Place of production, publication, distribution, manufacture حيدرآباد الدكن، الهند :
Name of producer, publisher, distributor, manufacturer جمعية دائرة المعارف العثمانية،
Date of production, publication, distribution, manufacture, or copyright notice 1934
300 ## - PHYSICAL DESCRIPTION
Extent 56 صفحة :
Other physical details خرائط مطوية ؛
Dimensions 24 سم
336 ## - CONTENT TYPE
Content type term نص
Content type code txt
Source rdacontent
Materials specified كتاب
337 ## - MEDIA TYPE
Media type term بدون وسيط
Media type code n
Source rdamedia
338 ## - CARRIER TYPE
Carrier type term مجلد
Carrier type code nc
Source rdacarrier
504 ## - BIBLIOGRAPHY, ETC. NOTE
Bibliography, etc. note يشتمل على إرجاعات ببليوجرافية.
650 #7 - SUBJECT ADDED ENTRY--TOPICAL TERM
Topical term or geographic name entry element الجغرافيا
Form subdivision معاجم
Source of heading or term aucsh
650 #7 - SUBJECT ADDED ENTRY--TOPICAL TERM
Topical term or geographic name entry element تقاويم البلدان
Source of heading or term aucsh
700 12 - ADDED ENTRY--PERSONAL NAME
Personal name الشريف عبد الحي، عبد الحي بن فخر الدين بن عبد العلي،
Dates associated with a name 1286-1341 هجري
Title of a work نزهة الخواطر وبهجة المسامع والنواظر.
740 02 - ADDED ENTRY--UNCONTROLLED RELATED/ANALYTICAL TITLE
Uncontrolled related/analytical title نزهة الخواطر وبهجة المسامع والنواظر
942 ## - ADDED ENTRY ELEMENTS (KOHA)
Source of classification or shelving scheme Dewey Decimal Classification
Koha item type كتاب مصور نادر
Suppress in OPAC No
949 ## - LOCAL PROCESSING INFORMATION (OCLC)
a SA-JeALM
d 260101
u mohamedma123
n 1
Holdings
Withdrawn status Lost status Source of classification or shelving scheme Damaged status Not for loan Home library Current library Date acquired Total checkouts Full call number Barcode Date last seen Price effective from Koha item type
    Dewey Decimal Classification     DR AbdElwahab Library DR AbdElwahab Library 01/14/2026   م ن 910.3 ن د و 000022487 01/14/2026 01/14/2026 كتاب مصور نادر